书目信息 |
| 题名: |
外国水彩集锦
|
|
| 作者: | ;天津人民美术出版社 编 | |
| 分册: | 田园风光 | |
| 出版信息: | 天津 天津人民美术出版社 2006.06 |
|
| 页数: | 50页 | |
| 开本: | 29cm | |
| 丛书名: | ||
| 单 册: | ||
| 中图分类: | J235 | |
| 科图分类: | ||
| 主题词: | 水彩画--shui cai hua--外国--现代--画册 , 水彩画--shui cai hua--风景画--外国--现代--画册 | |
| 电子资源: | ||
| ISBN: | 7-5305-3258-8 | |
| 000 | 00956nam0 2200253 450 | |
| 001 | 012007942038 | |
| 005 | 20071204094149.43 | |
| 010 | @a7-5305-3258-8@dCNY28.00 | |
| 100 | @a20071203d2006 km y0chi0120 ea | |
| 101 | 0 | @achi |
| 102 | @aCN@b120000 | |
| 105 | @aa z 000yy | |
| 106 | @ar | |
| 200 | 1 | @a外国水彩集锦@Awai guo shui cai ji jin@i田园风光@f天津人民美术出版社编@Ftian jin ren min mei shu chu ban she bian |
| 210 | @a天津@c天津人民美术出版社@d2006.06 | |
| 215 | @a50页@c彩图@d29cm | |
| 330 | @a本书介绍了红色地平线,塔之水,干草垛,高地小屋, 丰收的田野西汉姆附近,草垛:霍尔斯威庄园的农夫,茅草屋等多幅作品。 | |
| 517 | 1 | @a田园风光@Atian yuan feng guang |
| 606 | 0 | @a水彩画@Ashui cai hua@y外国@z现代@j画册 |
| 606 | 0 | @a水彩画@Ashui cai hua@x风景画@y外国@z现代@j画册 |
| 690 | @aJ235@v4 | |
| 711 | 02 | @a天津人民美术出版社@Atian jin ren min mei shu chu ban she@4编 |
| 801 | 0 | @aCN@bQSSK@c20071204 |
| 905 | @b269598-600@dJ235@eT502@f3 | |
| 外国水彩集锦.田园风光/天津人民美术出版社编.-天津:天津人民美术出版社,2006.06 |
| 50页:彩图;29cm |
| ISBN 7-5305-3258-8:CNY28.00 |
| 本书介绍了红色地平线,塔之水,干草垛,高地小屋, 丰收的田野西汉姆附近,草垛:霍尔斯威庄园的农夫,茅草屋等多幅作品。 |
| ● |
| 相关链接 |
|
|
|
正题名:外国水彩集锦
索取号:J235/T502
 
预约/预借
| 序号 | 登录号 | 条形码 | 馆藏地/架位号 | 状态 | 备注 |
| 1 | 269598 | 202695985 | 社科库309/309社科库 78排1列1层/ [索取号:J235/T502] | 在馆 | |
| 2 | 269599 | 202695994 | 社科库309/309社科库 78排1列1层/ [索取号:J235/T502] | 在馆 | |
| 3 | 269600 | 202696001 | 社科库309/309社科库 78排1列1层/ [索取号:J235/T502] | 在馆 |